02001cam a2200397 i 450000100090000000300040000900500170001300800410003001000170007102000370008803500130012504000290013804100130016704200080018004300120018805000240020010000590022424000550028324501110033825000270044926400340047630000420051033600260055233700280057833800270060650003630063358300520099660000500104865000560109865000580115465000390121265000170125165500880126865500800135677601670143619275537OSt20260123115012.0160915s2017 maua 000 0aeng  a 2016042386 a9780807067994qpbk. : alk. paper a19275537 aDLCbengcAMIUerdadDLC1 aenghger apcc ae-au---00aD810b.J4 F73 20201 aFrankl, Viktor E.q(Viktor Emil),d1905-1997,eauthor.10aPsycholog erlebt das Konzentrationslager.lEnglish10aMan's search for meaning /cViktor E. Frankl ; foreword by John Boyne ; afterword by William J. Winslade. aYoung readers edition. 1aBoston :bBeacon PresscC2020 axvii, 159 p.:billustrations ;c23 cm atextbtxt2rdacontent aunmediatedbn2rdamedia avolumebnc2rdacarrier aFirst published in Germany in 1946 as Trotzdem Ja zum Leben sagen: Ein Psychologe erlebt das Konzentrationslager ("Saying yes to life in spite of everything: a psychologist experiences the Concentration Camp"). First English-language edition published as From Death-Camp to Existentialism: A Psychiatrist's Path to a New Therapy (Boston: Beacon Press, 1959). aCatalography:c20260123kSTAMIU-0199STAMIU-019910aFrankl, Viktor E.q(Viktor Emil),d1905-1997. 0aHolocaust, Jewish (1939-1945)vPersonal narratives. 0aHolocaust, Jewish (1939-1945)xPsychological aspects. 0aPsychologistszAustriavBiography. 0aLogotherapy. 7aPersonal narratives.2lcgft0https://id.loc.gov/authorities/genreForms/gf2014026142 7aBiographies.2lcgft0https://id.loc.gov/authorities/genreForms/gf201402604908iOnline version:aFrankl, Viktor E. (Viktor Emil), 1905-1997, author.tMan's search for meaningdBoston : Beacon Press books, 2017z9780807067550w(DLC) 2016042918